[Event "Leiden Chess Tournament"]
[Site "Leiden"]
[Date "2017.07.18"]
[Round "5"]
[White "Pijpers, Arthur"]
[Black "Kristensen, Kaare Hove"]
[Result "1-0"]
[WhiteElo "2457"]
[BlackElo "2348"]
[Annotator "TA"]
[PlyCount "51"]
[EventDate "2017.??.??"]
[EventCountry "NED"]
[SourceTitle "playchess.com"]
[Source "ChessBase"]
[SourceQuality "1"]

{[%evp 22,51,65,53,137,148,142,144,273,314,295,306,300,292,296,295,608,558,815,826,826,820,820,808,825,824,2240,811,797,797,765,754]} 1. e4 c5 2. Nf3 Nc6 3. d4 cxd4 4. Nxd4 Nf6 5. Nc3 d6 6. Bg5 e6 7. Qd2 Be7 8. O-O-O Nxd4 9. Qxd4 O-O 10. f4 Qa5 11. h4 {[%cal Bh2h4,Bh4g5][%mdl 32] B65: Sicilian: Richter-Rauzer: 7...Be7 8 0-0-0 0-0 9 f4 Nxd4} (11. e5 dxe5 12. Qxe5 Qxe5 13. fxe5 Nd5 14. Bxe7 Nxe7 15. Bd3 b6 16. Be4 Rb8 17. Nb5 Bb7 18. Rhe1 a6 19. Nc7 a5 20. Rd7 Ng6 21. Nb5 Bc8 22. Rd6 Nxe5 23. Bxh7+ Kxh7 24. Rxe5 {½-½ (48) Vitiugov,N (2724)-Predke,A (2573) Moscow 2017}) 11... Rd8 12. Qe3 {LiveBook: 5 Games} Bd7 $146 (12... Kf8 $14) ({Predecessor:} 12... h6 13. Bd3 Bd7 14. Qg3 Nh5 15. Qf3 Nf6 16. Qg3 Nh5 17. Qf3 Nf6 18. Qg3 {½-½ (18) Solak,D (2613)-Morovic Fernandez,I (2582) Moscow 2012}) 13. e5 $1 $16 {[%cal Re5f6] White is clearly better.} dxe5 14. fxe5 Ng4 {[#]} (14... Bc5 $16 15. Qg3 Nd5) 15. Qg3 $1 $18 Bxg5+ 16. hxg5 Nxe5 {[#]} 17. Bb5 $1 {[%mdl 512]} a6 (17... Bxb5 18. Qxe5) 18. Qxe5 axb5 $2 (18... Bxb5 19. a4 Qb6) 19. Qe4 {White is clearly winning.} Bc6 20. Qxh7+ Kf8 21. Qh8+ Ke7 22. Qxg7 {Threatening mate with Qf6+.} Rxd1+ 23. Rxd1 Rf8 24. Qe5 (24. Qf6+ $142 Ke8 25. Qe5) 24... Rd8 25. Qf6+ Ke8 26. Rf1 {Precision: White = 87%, Black = 21%.} 1-0

[Event "Leiden Chess Tournament"]
[Site "Leiden"]
[Date "2017.07.18"]
[Round "5"]
[White "Perske, Thore"]
[Black "Tomov, Georgi"]
[Result "1-0"]
[WhiteElo "2413"]
[BlackElo "2273"]
[Annotator "TA"]
[PlyCount "111"]
[EventDate "2017.??.??"]
[EventCountry "NED"]
[SourceTitle "playchess.com"]
[Source "ChessBase"]
[SourceQuality "1"]

{[%evp 18,111,20,3,9,9,7,9,5,0,0,0,0,0,-5,-19,-35,-26,0,-6,11,0,0,0,0,0,0,0,13,0,0,0,15,15,17,16,16,14,13,13,33,0,0,0,0,0,0,0,0,0,0,0,30,0,277,8,8,8,80,79,80,80,240,226,578,433,1087,1016,975,769,769,707,1016,1058,1247,1216,1125,908,2481,2478,2589,3426,2816,2864,4610,4610,29973,29976,29977,29978,29977,29977,29977,29978,29976,29977]} 1. e4 c6 2. d4 d5 3. e5 Bf5 4. Nf3 e6 5. Be2 Ne7 6. O-O c5 7. dxc5 Nec6 {B12: Caro-Kann: Advance Variation} 8. a3 (8. Be3 Nd7 9. c4 dxc4 10. Bxc4 Bxc5 11. Qe2 Bxe3 12. Qxe3 Qb6 13. Qxb6 axb6 14. Bb5 Ke7 15. Bxc6 bxc6 {0-1 (52) Akopian,V (2648)-Ivanchuk,V (2726) Berlin 2015}) 8... Bxc5 9. b4 Bb6 10. Bb2 {LiveBook: 4 Games} Nd7 11. c4 O-O $146 ({Predecessor:} 11... dxc4 12. Nbd2 c3 13. Bxc3 O-O 14. Nc4 Bc7 15. b5 {0-1 (22) Jimenez Fraga,P (2463)-Obregon Rivero,J (2509) Havana 2014}) 12. cxd5 exd5 13. b5 Ne7 14. Nc3 Nc5 15. Nd4 Bg6 16. Na4 Nxa4 17. Qxa4 Qc7 18. e6 Qd6 19. Qb4 Qxb4 20. axb4 Nf5 21. exf7+ Rxf7 22. Rfd1 Raf8 23. Bf3 Nxd4 24. Bxd4 Be4 25. Bxe4 dxe4 26. Bxb6 axb6 $11 {[%mdl 4096] Endgame KRR-KRR} 27. Ra2 h6 28. h3 Rf4 29. Rd4 e3 30. fxe3 Rxd4 31. exd4 {KR-KR} Rf5 32. Rb2 h5 33. Kh2 Rd5 34. Rd2 Rxb5 35. Kg3 g5 $2 {[%mdl 8192] [#]} (35... Kf7 $11 {and Black is okay.}) 36. Kf3 $2 (36. d5 $18 h4+ 37. Kf3 Rxb4 38. d6 Rf4+ 39. Ke3) 36... Kf7 37. Ke4 Rxb4 (37... h4 $11 {keeps the balance.}) 38. Kf5 $16 g4 {[#]} 39. h4 $1 Rb5+ $2 (39... Rc4 $16) 40. d5 $18 Ke7 $2 (40... Rc5 {is tougher.} 41. Kg5 b5) 41. Kg5 Kd6 (41... Ra5 $142 42. Kxh5 Kd6) 42. Kxh5 g3 43. Kg4 Rb1 44. Kxg3 b5 45. Kg4 b4 46. Kh5 b3 47. g4 b5 48. g5 Rc1 49. g6 Rc2 50. Rd1 b2 51. g7 Rc1 52. g8=Q {White mates.} Rxd1 53. Qg3+ Kc5 54. Qc3+ Kb6 55. Qxb2 Rxd5+ 56. Kg4 {Precision: White = 61%, Black = 37%.} 1-0

[Event "Leiden Chess Tournament"]
[Site "Leiden"]
[Date "2017.07.18"]
[Round "5"]
[White "Van Delft, Merijn"]
[Black "Vrolijk, Liam"]
[Result "1/2-1/2"]
[WhiteElo "2384"]
[BlackElo "2419"]
[Annotator "TA"]
[PlyCount "32"]
[EventDate "2017.??.??"]
[EventCountry "NED"]
[SourceTitle "playchess.com"]
[Source "ChessBase"]
[SourceQuality "1"]

{[%evp 15,27,13,20,5,15,15,14,8,16,13,11,11,11,11]} 1. e4 e5 2. Nf3 Nc6 3. Bb5 Nf6 4. O-O Nxe4 5. Re1 Nd6 6. Nxe5 Be7 7. Bf1 Nxe5 8. Rxe5 O-O {The position is equal.} 9. Nc3 {[%cal Bb1c3,Bc3d5,Bd5e3,Be3f5,Bf5e7][%mdl 32] C67: Ruy Lopez: Berlin Defence: 4 0-0 Nxe4} (9. d4 Bf6 10. Re1 Nf5 11. d5 d6 12. Nd2 Re8 13. Ne4 Bd7 14. c3 h6 15. Bd3 Nh4 16. g3 Ng6 17. f4 c6 18. Be3 {½-½ (70) Anand,V (2786)-Kramnik,V (2808) Leuven 2017}) 9... Ne8 (9... Bf6 $5 {[%cal Rf6e5]} 10. Re1 Re8 $11) 10. Nd5 Bd6 11. Re1 c6 12. Ne3 Bc7 13. Nf5 d5 14. Ne7+ {[#]} {Predecessor:} Kh8 $146 15. Nxc8 Rxc8 16. d4 Nf6 {½-½ (29) Kuzubov,Y (2637)-Naiditsch,A (2700) Minsk 2017} 1/2-1/2

[Event "Leiden Chess Tournament"]
[Site "Leiden"]
[Date "2017.07.18"]
[Round "5"]
[White "Warmerdam, Max"]
[Black "Ikonnikov, Vyacheslav"]
[Result "1/2-1/2"]
[WhiteElo "2357"]
[BlackElo "2538"]
[Annotator "TA"]
[PlyCount "71"]
[EventDate "2017.??.??"]
[EventCountry "NED"]
[SourceTitle "playchess.com"]
[Source "ChessBase"]
[SourceQuality "1"]

{[%evp 29,71,50,54,51,51,30,51,41,51,51,51,21,51,51,78,65,77,70,86,58,108,106,127,110,112,72,81,42,49,37,54,39,80,0,0,0,0,0,0,0,0,2,0,1]} 1. e4 c5 2. Nf3 Nc6 3. d4 cxd4 4. Nxd4 e5 5. Nb5 d6 6. c4 Be7 7. N1c3 a6 8. Na3 Be6 9. Be2 Bg5 10. O-O Bxc1 11. Rxc1 Nf6 12. Nc2 O-O 13. Qd2 Qb8 14. Rfd1 {B32: Sicilian: Löwenthal and Kalashnikov Variations} Rd8 15. Qe3 (15. f3 Qa7+ 16. Kh1 Rac8 17. Nd5 Bxd5 18. cxd5 Ne7 19. g3 Rc5 20. b4 Rc7 21. Ne3 Rdc8 22. Rxc7 Rxc7 {0-1 (47) Warmerdam,M (2181)-Ikonnikov,V (2570) Delft 2014}) 15... Qa7 {LiveBook: 3 Games} 16. Qxa7 {White is slightly better.} Nxa7 {[#]} 17. Rd2 $146 ({Predecessor:} 17. f3 Rac8 18. b3 Kf8 19. Nb4 Nc6 20. Nxc6 Rxc6 21. Nd5 Rdc8 22. Nb4 Rb6 23. Nd5 Rbc6 24. Nb4 Rb6 25. Nd5 {½-½ (25) Asrian,K (2515)-Sveshnikov,E (2570) St Petersburg 1997}) 17... Kf8 18. Rcd1 Ke7 19. f3 Rac8 20. Na4 Rc7 21. b3 $36 {[%mdl 2048] White has the initiative.} Nc8 22. Nb4 Rdd7 23. Kf2 g6 24. g3 Nh5 25. Nc3 {Strongly threatening Ncd5+.} Nf6 26. f4 a5 27. Nc2 b5 28. fxe5 ({Much weaker is} 28. Nxb5 $6 Nxe4+ 29. Kg2 Rc5 $11) 28... dxe5 {[%cal Rb5c4]} 29. Rxd7+ Bxd7 30. Ne3 Nb6 31. Ncd5+ ({Much worse is} 31. Nxb5 Bxb5 32. cxb5 Nxe4+ 33. Ke1 Nd6 $11) (31. g4 $16 {Threatens to win with g5.} h6 32. h4 (32. Nxb5 Bxb5 33. cxb5 Nxe4+ 34. Ke1 Rc8 $11) 32... bxc4 33. bxc4) 31... Nbxd5 $11 {The position is equal.} 32. Nxd5+ Nxd5 33. Rxd5 bxc4 34. Bxc4 a4 35. Rxe5+ Be6 $1 36. Bxe6 {Precision: White = 63%, Black = 49%.} 1/2-1/2

[Event "Leiden Chess Tournament"]
[Site "Leiden"]
[Date "2017.07.18"]
[Round "5"]
[White "Slingerland, Fred"]
[Black "Nijboer, Friso"]
[Result "1/2-1/2"]
[WhiteElo "2335"]
[BlackElo "2528"]
[Annotator "TA"]
[PlyCount "110"]
[EventDate "2017.??.??"]
[EventCountry "NED"]
[SourceTitle "playchess.com"]
[Source "ChessBase"]
[SourceQuality "1"]

{[%evp 16,110,0,0,0,0,0,-20,0,-27,25,29,28,26,29,12,19,18,25,21,23,0,0,0,0,0,0,-34,0,0,0,0,0,0,6,-16,-9,-16,0,-21,-13,-32,-22,-33,-21,-41,-45,-62,-9,-10,-10,-11,-11,-11,0,0,0,0,0,0,0,0,0,0,0,0,8,7,96,95,89,89,89,97,104,30,72,8,8,0,8,0,0,0,0,0,0,0,0,0,0,0,0,0,0,-8,-8]} 1. e4 e6 2. d4 d5 3. Nc3 Nf6 4. Bg5 Bb4 5. exd5 Qxd5 6. Bxf6 Bxc3+ 7. bxc3 gxf6 8. Qg4 {C12: French: Classical System: McCutcheon Variation} (8. Qd2 Qa5 9. Bd3 Bd7 10. Ne2 Bc6 11. f3 Nd7 12. c4 Qxd2+ 13. Kxd2 Nb6 14. h4 Rg8 15. Rhg1 Rd8 16. Ke3 {½-½ (69) Hou,Y (2652)-Vallejo Pons,F (2710) Moscow 2017}) 8... Qa5 9. Ne2 {LiveBook: 3 Games} Bd7 10. Qg7 Rf8 11. Qxf6 Bc6 12. Qe5 $146 (12. Qh4 {seems wilder.} Nd7 13. f3 Nb6 14. Kf2 h5 15. g3) ({Predecessor:} 12. h4 Nd7 13. Qg5 Qa3 14. Rh3 Be4 15. Qc1 Qa4 {1-0 (31) Huerga Leache,M (2440)-Plazuelo Pascual,J (2139) Madrid 2014}) 12... Qxe5 (12... Bd5 $142 $1) 13. dxe5 $11 Nd7 14. f4 O-O-O 15. Nd4 Bd5 16. c4 Be4 17. O-O-O Nc5 18. Nb3 Rxd1+ 19. Kxd1 Rd8+ 20. Kc1 Na4 $1 21. Nd2 Bc6 22. Bd3 Nc5 23. Be2 $1 Bxg2 24. Rg1 Bh3 $1 25. Bg4 Bxg4 26. Rxg4 {[%mdl 4096] Endgame KRN-KRN} Kd7 27. Rg7 Ke7 28. Rxh7 Rd4 29. Rh4 Na4 30. Rg4 Nc3 31. a3 $1 Rxf4 ({Black should try} 31... b6 $15) 32. Rxf4 Ne2+ 33. Kd1 Nxf4 {KN-KN} 34. Nf3 f6 35. exf6+ Kxf6 36. Kd2 e5 37. Ke3 Ne6 38. h4 c6 39. Nd2 Nd4 40. Kd3 Nf5 41. h5 Nh6 (41... Kg7 $11 {remains equal.}) 42. Ne4+ $16 Kf5 43. Nd6+ Kf4 44. Nxb7 {Strongly threatening Nd8.} e4+ 45. Ke2 (45. Kd2 $16) 45... Nf5 $11 46. Ke1 (46. Nd8 $16) 46... Kg5 {The position is equal.} 47. Nc5 Nd6 48. Ke2 Kxh5 49. Ke3 Nxc4+ 50. Kxe4 Nxa3 51. c3 Nb5 52. Ke5 Nxc3 53. Kd6 a5 54. Kxc6 a4 {[#]} 55. Nxa4 $1 {[%mdl 512]} Nxa4 {Precision: White = 63%, Black = 52%.} 1/2-1/2

[Event "Leiden Chess Tournament"]
[Site "Leiden"]
[Date "2017.07.18"]
[Round "5"]
[White "Ypma, Peter"]
[Black "Beerdsen, Thomas"]
[Result "1/2-1/2"]
[WhiteElo "2283"]
[BlackElo "2452"]
[Annotator "TA"]
[PlyCount "76"]
[EventDate "2017.??.??"]
[EventCountry "NED"]
[SourceTitle "playchess.com"]
[Source "ChessBase"]
[SourceQuality "1"]

{[%evp 9,76,-10,-10,-15,0,-1,-4,0,16,-23,-37,-28,-14,-44,-24,-21,-45,-51,-52,-42,0,0,38,0,75,83,84,99,113,122,82,100,82,54,75,54,52,63,58,63,64,68,68,43,43,20,75,65,71,65,65,51,55,47,67,59,63,58,62,75,97,104,96,93,91,92,91,91,95]} 1. d4 Nf6 2. Bf4 e6 3. Nf3 Be7 4. h4 $146 ({Predecessor:} 4. c3 c5 5. e3 Nh5 6. Bxb8 Rxb8 7. Nbd2 O-O 8. Bd3 b6 9. g4 Nf6 10. h4 cxd4 11. cxd4 Bb7 {0-1 (26) Salomon,J (2501)-Moiseenko,A (2676) Khanty-Mansiysk 2017}) 4... c5 5. c3 Nc6 6. e3 {A46: 1 d4 Nf6 2 Nf3 e6: Torre, London and Colle Systems} b6 7. Nbd2 Bb7 8. Bd3 {The position is equal.} h6 9. Rh3 d6 10. Qe2 Qc7 11. e4 cxd4 12. Nxd4 e5 13. Nxc6 Bxc6 14. Be3 O-O-O 15. c4 Nd7 16. b4 Nf8 (16... f5 $11 17. b5 Bxb5) 17. a4 $16 Ne6 18. a5 Nf4 19. Bxf4 $1 exf4 20. axb6 axb6 21. Bc2 Kb7 22. Rha3 Ra8 23. Qf3 {[#] Black must now prevent b5.} Bf6 24. Rxa8 Rxa8 25. Rxa8 Kxa8 26. b5 Bb7 27. Qxf4 Qe7 (27... Qc5 $11 {keeps the balance.}) 28. Qe3 Ka7 29. g3 $36 {[%mdl 2048] White fights for an advantage.} Qe5 30. Qa3+ Kb8 31. Nf3 Qe7 32. Qd3 Qc7 33. Nd4 Qc5 34. Nf5 Be5 {White is better.} 35. f4 Qg1+ 36. Kd2 Bb2 {[#]} 37. Bd1 $1 Qf2+ 38. Be2 Qg1 {Precision: White = 63%, Black = 67%.} 1/2-1/2

[Event "Leiden Chess Tournament"]
[Site "Leiden"]
[Date "2017.07.18"]
[Round "5"]
[White "Caglar, Sila"]
[Black "Kuipers, Stefan"]
[Result "0-1"]
[WhiteElo "1976"]
[BlackElo "2388"]
[Annotator "TA"]
[PlyCount "114"]
[EventDate "2017.??.??"]
[EventCountry "NED"]
[SourceTitle "playchess.com"]
[Source "ChessBase"]
[SourceQuality "1"]

{[%evp 12,114,11,13,0,7,5,-87,-87,-87,-88,-88,-94,-99,-93,-94,-83,-108,-108,-108,-108,-124,-124,-118,0,-108,-108,-108,-108,-122,-116,-122,-125,-122,-117,-146,-116,-123,-115,-117,-108,-108,-108,-109,-52,-52,-49,-41,-37,-40,-17,-67,-43,-43,-39,-54,-48,-66,0,-6,-7,0,0,-47,-37,-50,-39,-77,-43,-43,-42,-72,-66,-66,-66,-66,-66,-66,-56,-66,-66,-66,-71,-187,0,-266,-261,-403,-395,-379,-382,-362,-345,-1114,-1079,-1039,-1005,-1295,-1272,-1049,-1034,-1153,-1139,-1070,-1069]} 1. e4 e5 2. Nf3 Nc6 3. Nc3 Nf6 4. d4 exd4 5. Nxd4 Bc5 6. Nxc6 bxc6 7. Bc4 {Black must now prevent e5.} O-O {C47: Scotch Four Knights and Four Knights with 4 g3} 8. O-O Qe7 (8... d6 9. Bg5 Qe7 10. Qf3 Bd4 11. Rae1 Qe5 12. Bf4 Qa5 13. e5 dxe5 14. Bg5 Bxc3 15. bxc3 Nd5 16. Rxe5 Ba6 17. Bxa6 Qxa6 {½-½ (38) Zidu,J (2533)-Kleinert,S (2503) Remote email 2013}) 9. Re1 {[#]} (9. Qf3 $11) 9... Bxf2+ $1 $17 {[%mdl 512] Black is better.} 10. Kxf2 Qc5+ 11. Be3 Qxc4 12. Kg1 $146 ({Predecessor:} 12. Bd4 Ng4+ 13. Kg1 d6 14. b3 Qe6 15. Nb1 {½-½ (39) Lin,A (2180)-Vang,T Ho Chi Minh City 2003}) 12... d6 $1 (12... Nxe4 13. Nxe4 Qxe4 14. Bc5 $14) 13. Qd4 Qe6 14. h3 Re8 15. Bg5 Nd7 16. Rf1 Ne5 17. Bf4 Nd7 (17... Qg6 $17 18. Kh1 Nd7) 18. Rae1 (18. Bg5 $1 $11 {was the only way to keep the balance.}) 18... f6 19. Bg3 Bb7 20. Qb4 Nb6 21. a4 a5 22. Qd4 c5 23. Qd1 Bc6 24. b3 Rab8 25. Rf5 Qf7 26. Bf2 Qg6 {...Bxe4! is the strong threat.} 27. Qd3 Re5 (27... Re7 $17 28. Rf4 Rbe8) 28. Rxe5 $15 fxe5 29. Nb5 Qf7 30. Rf1 Qd7 31. Be1 {[#]} c4 $1 {[%mdl 512]} 32. bxc4 Nxa4 33. Bxa5 Nc5 (33... Bxb5 34. Qd5+ Kh8 35. Qxb5 $1 $16 {[%mdl 512]}) 34. Qd1 Rc8 (34... Bxe4 35. Bxc7 Rc8 36. Bxd6 $16 (36. Qxd6 Qxd6 37. Bxd6 Nd7 $14)) (34... Nxe4 $15 35. Nxc7 Nf6) 35. Na7 $11 Ra8 (35... Bxe4 $6 36. Nxc8 Qxc8 37. Bb4 $16) 36. Nxc6 Qxc6 37. Qf3 {Intending Qf7+ and mate.} (37. Bxc7 $5 Nxe4 38. Qf3 Qxc7 39. Qxe4 Qc5+ 40. Kh2 $11) 37... Qd7 (37... Qxe4 38. Qf7+ Kh8 39. Qf8+ $1 {[%mdl 512]} Rxf8 40. Rxf8#) 38. Bd2 Qe6 $36 {[%mdl 2048] Black has some pressure.} 39. Qe2 h6 {Threatens to win with ...Ra4.} 40. Bb4 Nd7 41. Qd3 c5 42. Bc3 Nb6 43. Rb1 Ra6 44. Kh2 Kh7 ({Not} 44... Qxc4 45. Rxb6 $1 {[%mdl 512]} Qxd3 46. Rb8+ Kf7 47. cxd3 $16) 45. Rb3 Nxc4 46. Rb7 Ra3 47. Rc7 {[#]} (47. Rb3 $17 {keeps fighting.}) 47... Nb2 $1 {[%mdl 512]} 48. Qg3 $2 {[%mdl 8192]} (48. Qf3 $1 $11) (48. Bxb2 Rxd3) 48... Qf6 $19 49. Qe1 (49. Bxe5 $142 Qxe5 50. Qxe5 dxe5 51. Rxc5) 49... Qf4+ 50. Kg1 ({Don't go for} 50. g3 $2 Qf3 $19) 50... Nc4 51. Rd7 Qg5 {aiming for ...Ne3.} ({Don't play} 51... Ne3 52. Bd2 $19) 52. Kh2 $2 (52. Rf7 Qe3+ 53. Qxe3 Nxe3 54. Be1) 52... Ne3 {[%csl Ge3][%cal Rg5g2] Black is clearly winning.} 53. g3 Nxc2 54. Qd2 Qxd2+ 55. Bxd2 Nd4 56. Kh1 Ra1+ 57. Kg2 Ra2 {Precision: White = 51%, Black = 67%.} 0-1

[Event "Leiden Chess Tournament"]
[Site "Leiden"]
[Date "2017.07.18"]
[Round "5"]
[White "Koelmans, Jan Willem"]
[Black "Van Deutekom, Yde"]
[Result "1/2-1/2"]
[WhiteElo "1916"]
[BlackElo "1858"]
[Annotator "NA"]
[PlyCount "41"]
[EventDate "2017.??.??"]
[EventCountry "NED"]
[SourceTitle "playchess.com"]
[Source "ChessBase"]
[SourceQuality "1"]
[TimeControl "40/5400+30:1800+30"]

1. d4 {[%emt 0:00:00]} Nf6 {[%emt 0:00:05]} 2. c4 {[%emt 0:00:00]} e5 {[%emt 0:00:11]} 3. dxe5 {[%emt 0:00:00]} Ng4 {[%emt 0:00:08]} 4. Nf3 {[%emt 0:00:11]} Bc5 {[%emt 0:00:22]} 5. e3 {[%emt 0:00:11]} Nc6 {[%emt 0:00:28]} 6. Be2 {[%emt 0:00:28]} Ngxe5 {[%emt 0:01:29]} 7. O-O {[%emt 0:00:36]} O-O {[%emt 0:00:22]} 8. Nc3 {[%emt 0:01:11]} a6 {[%emt 0:07:10]} 9. a3 {[%emt 0:04:50]} h6 {[%emt 0:07:47]} 10. b4 {[%emt 0:00:46]} Be7 {[%emt 0:02:46]} 11. Nxe5 {[%emt 0:10:52]} Nxe5 {[%emt 0:00:22]} 12. Nd5 {[%emt 0:00:10]} Bf6 {[%emt 0:01:49]} 13. Nxf6+ {[%emt 0:01:48]} Qxf6 {[%emt 0:00:34]} 14. Qd4 {[%emt 0:01:49]} Qe7 {[%emt 0:05:18]} 15. Bb2 {[%emt 0:01:28]} f6 {[%emt 0:00:05]} 16. c5 {[%emt 0:00:39]} d6 {[%emt 0:05:42]} 17. cxd6 {[%emt 0:00:24]} Qxd6 {[%emt 0:00:03]} 18. Qxd6 {[%emt 0:00:45]} cxd6 {[%emt 0:00:02]} 19. Rfd1 {[%emt 0:00:55]} Be6 {[%emt 0:02:36]} 20. Rxd6 {[%emt 0:06:17]} Bc4 {[%emt 0:01:08]} 21. Bxe5 {[%emt 0:01:30]} 1/2-1/2

[Event "Leiden Chess Tournament"]
[Site "Leiden"]
[Date "2017.07.18"]
[Round "5"]
[White "Coiffait, Casimir"]
[Black "Holwijn, Melvin"]
[Result "0-1"]
[WhiteElo "1853"]
[BlackElo "1932"]
[Annotator "NA RC"]
[PlyCount "99"]
[EventDate "2017.??.??"]
[EventCountry "NED"]
[SourceTitle "playchess.com"]
[Source "ChessBase"]
[SourceQuality "1"]
[TimeControl "40/5400+30:1800+30"]

1. e4 {[%emt 0:00:00]} e5 {[%emt 0:00:16]} 2. Bc4 {[%emt 0:00:00]} Nf6 {[%emt 0:00:20]} 3. d3 {[%emt 0:00:00]} Nc6 {[%emt 0:00:27]} 4. Nf3 {[%emt 0:00:00]} Be7 {[%emt 0:00:31]} 5. c3 {[%emt 0:00:19]} O-O {[%emt 0:00:36]} 6. O-O {[%emt 0:00:08]} d6 {[%emt 0:00:24]} 7. Bb3 {[%emt 0:00:12]} Nh5 {[%emt 0:03:07] C55: Two Knights: 4 d3, 4 d4 exd4 5 e5 and Max Lange Attack} (7... Na5 8. Bc2 c5 9. h3 Nc6 10. Re1 Qc7 11. Nbd2 Be6 12. Nf1 Nd7 13. Ng5 Bxg5 14. Bxg5 d5 15. exd5 Bxd5 16. Ne3 Be6 17. Qh5 Rfe8 18. b4 Nf8 19. bxc5 Qa5 20. d4 exd4 21. cxd4 Nxd4 22. Bf4 Nxc2 23. Nxc2 Qa4 {0-1 (23) Bortnyk,O (2588)-Wang,H (2712) Abu Dhabi 2016}) 8. d4 {[%emt 0:16:16]} Nf6 {[%emt 0:07:11]} 9. Bc2 {[%emt 0:02:22]} Bg4 $146 {[%emt 0:01:43]} ({Predecessor:} 9... d5 10. h3 b6 11. Re1 Bb7 12. Nbd2 Re8 13. Nf1 Bd6 14. Ng3 Ne7 15. Nxe5 Nc6 16. f4 {1-0 (30) Lagno,K (2355)-Dincok,B Antalya 2002}) 10. Be3 {[%emt 0:08:16]} exd4 {[%emt 0:01:16]} 11. cxd4 {[%emt 0:00:23]} Nb4 {[%emt 0:03:00]} 12. Nbd2 {[%emt 0:00:23]} Nxc2 {[%emt 0:01:55]} 13. Qxc2 {[%emt 0:00:02]} d5 {[%emt 0:00:25]} 14. Ne5 {[%emt 0:05:52]} Be2 {[%emt 0:05:02]} 15. Rfe1 {[%emt 0:00:41]} Ba6 {[%emt 0:00:26]} 16. Bg5 {[%emt 0:11:48]} Re8 {[%emt 0:09:26]} 17. exd5 {[%emt 0:11:02]} Nxd5 {[%emt 0:00:45]} 18. Bxe7 {[%emt 0:00:52]} Rxe7 {[%emt 0:00:31]} 19. Ndf3 {[%emt 0:01:28]} Nb4 {[%emt 0:12:16]} 20. Qb3 {[%emt 0:05:03]} Nd5 {[%emt 0:01:13]} 21. Qc2 {[%emt 0:04:53]} Qd6 {[%emt 0:03:59]} 22. Ng5 {[%emt 0:04:38]} Nf6 {[%emt 0:06:27]} (22... g6 $1 $11) 23. Rad1 {[%emt 0:05:38]} (23. Ng4 $1 $16 {[%cal Rg4f6]} g6 24. Rxe7 Qxe7 25. Nh6+ Kg7 26. Nhxf7) 23... Qd5 {[%emt 0:02:57]} 24. Nef3 {[%emt 0:13:19]} Rae8 {[%emt 0:01:35]} 25. Re5 {[%emt 0:01:00]} Qxa2 {[%emt 0:02:33]} 26. Rde1 {[%emt 0:01:03]} Rxe5 {[%emt 0:02:01]} 27. dxe5 {[%emt 0:00:11]} h6 {[%emt 0:02:16]} 28. exf6 {[%emt 0:05:22]} Rxe1+ {[%emt 0:00:07]} 29. Nxe1 {[%emt 0:00:04]} hxg5 {[%emt 0:00:07]} 30. fxg7 {[%emt 0:00:39]} Qc4 {[%emt 0:00:35]} ({Reject} 30... Kxg7 $6 31. Qf5 $11) 31. Qxc4 {[%emt 0:00:42]} Bxc4 {[%emt 0:00:06]} 32. Nf3 {[%emt 0:00:35]} f6 {[%emt 0:00:08]} ({And not} 32... Kxg7 33. Nxg5 a5 34. f3 $11) 33. Nd2 {[%emt 0:00:03]} Bd3 {[%emt 0:00:51]} 34. Nb3 {[%emt 0:00:32]} Bc4 {[%emt 0:02:17]} 35. Nd2 {[%emt 0:01:15]} Bd5 {[%emt 0:00:22]} 36. f3 {[%emt 0:00:51]} (36. b4 {was necessary.}) 36... Kxg7 {[%emt 0:00:14]} 37. Kf2 {[%emt 0:00:14]} f5 {[%emt 0:01:02]} 38. Ke3 {[%emt 0:01:16]} (38. b4 {might work better.}) 38... c5 {[%emt 0:00:37]} 39. f4 {[%emt 0:00:35]} Kg6 {[%emt 0:01:39]} ({Weaker is} 39... Bxg2 40. fxg5 Kg6 41. h4 $17) 40. g3 {[%emt 0:01:13]} b5 {[%emt 0:31:38]} 41. h3 {[%emt 0:08:29]} a5 {[%emt 0:00:00]} 42. g4 {[%emt 0:00:26]} gxf4+ {[%emt 0:00:00]} 43. Kxf4 {[%emt 0:00:09]} fxg4 $19 {[%emt 0:00:00]} 44. hxg4 {[%emt 0:00:05]} a4 {[%emt 0:00:00]} 45. Ke5 {[%emt 0:00:52]} Bf7 {[%emt 0:00:00]} 46. Kd6 {[%emt 0:00:30]} b4 {[%emt 0:00:00]} 47. Nb1 {[%emt 0:01:26]} c4 {[%emt 0:00:00]} 48. Kc5 {[%emt 0:00:21]} c3 {[%emt 0:00:00]} 49. bxc3 {[%emt 0:00:44]} a3 {[%emt 0:00:00]} 50. Kd4 0-1

[Event "Leiden Chess Tournament"]
[Site "Leiden"]
[Date "2017.07.20"]
[Round "6"]
[White "Ikonnikov, Vyacheslav"]
[Black "Lai, Hing Ting"]
[Result "1-0"]
[WhiteElo "2538"]
[BlackElo "2393"]
[Annotator "TA"]
[PlyCount "67"]
[EventDate "2017.??.??"]
[EventCountry "NED"]
[SourceTitle "playchess.com"]
[Source "ChessBase"]
[SourceQuality "1"]

{[%evp 18,67,12,14,18,-24,34,26,39,26,27,20,44,52,58,30,79,52,54,60,49,42,76,63,78,56,80,63,94,79,107,103,115,100,159,159,177,168,178,172,158,154,230,239,252,225,222,200,196,196,261,252]} 1. d4 Nf6 {[%cal Bg8f6,Bf6e4,Be4d2][%mdl 32]} 2. c4 e6 3. Nc3 Bb4 4. e3 b6 5. Nge2 Ne4 6. Bd2 Nxd2 7. Qxd2 O-O {E44: Nimzo-Indian: Rubinstein: 4...b6 5 Ne2} 8. g3 (8. a3 Be7 9. d5 exd5 10. cxd5 c5 11. d6 Bf6 12. Nd5 Nc6 13. Rd1 Bb7 14. Nec3 Be5 15. Nc7 Rc8 16. Ba6 Na5 17. Bxb7 Nxb7 {0-1 (50) Kozionov,K (2437)-Rozum,I (2599) Voronezh 2017}) 8... Ba6 9. a3 Be7 10. b3 {LiveBook: 4 Games} Nc6 11. Nf4 $146 ({Predecessor:} 11. Bg2 Na5 12. Qc2 c6 13. c5 Nb7 14. b4 Bc4 15. O-O Qc7 16. Ne4 b5 {½-½ (29) Feldmann,G (2000)-Lafarga Santorroman,D (2260) IECG email 2001}) 11... e5 (11... Na5 $11 12. Qb2 Bb7) 12. dxe5 $14 Nxe5 13. Be2 Bb7 14. Nfd5 c6 15. Nxe7+ Qxe7 16. O-O (16. f4 $5 {[%cal Rf4e5]} Ng6 17. O-O $14) 16... c5 17. Nd5 (17. f4 $5 {[%cal Rf4e5]} Nc6 18. Nd5 $16) 17... Bxd5 18. Qxd5 d6 19. Rad1 Rfd8 20. Rd2 Rac8 21. Rfd1 Rc7 22. Kg2 Ng6 23. Qf5 Nf8 24. Bf3 Ne6 25. h4 Nf8 ({Black should play} 25... g6 26. Qc2 h5) 26. Qg5 $16 f6 27. Qd5+ Kh8 28. Qe4 Qxe4 29. Bxe4 Kg8 (29... g6 $16 30. g4 (30. Rxd6 Rcd7 $16) 30... Re7) 30. Rxd6 $18 Rcd7 31. Rxd7 Rxd7 32. Rxd7 Nxd7 33. f4 g6 (33... h6 $142 34. Kh3 Nf8) 34. g4 {Precision: White = 81%, Black = 30%.} 1-0